000 00676nam a2200217Ia 4500
003 GCL
008 140319s9999 xx 000 0 ara d
040 _aGCL /
_cGCL
082 0 4 _a519.5
_bص.ا
100 1 _aصلاح جلال
245 1 0 _aالاحصاء الحيوى ومقدمة فى تصميم التجارب /
_cصلاح جلال
700 1 _aعصام الطويل
700 1 _aعبدالحليم عشماوى
260 _a[S.N] :
_bمركز التنمية البشرية والمعلومات ،
_c1989
300 _a377 ص
490 _a
650 0 4 _aعلم الاحصاء
650 0 4 _aالاحصاء - علم
650 0 4 _aتجارب
942 _2ddc
_cBK
999 _c54088
_d54088